The Book of the Cave of Treasures: a history of the patriarchs and the kings, their successors from the Creation to the crucifixion of Christ.
Guardat en:
| Autor principal: | |
|---|---|
| Format: | Llibre |
| Idioma: | anglès siríac amhàric |
| Publicat: |
London, England, United Kingdom
The Religious Tract Society
1927
|
| Matèries: | |
| Etiquetes: |
Afegir etiqueta
Sense etiquetes, Sigues el primer a etiquetar aquest registre!
|
MARC
| LEADER | 00000nam a2200000 a 4500 | ||
|---|---|---|---|
| 001 | UCJ7435 | ||
| 003 | CL-VaPUC | ||
| 005 | 20240611111443.0 | ||
| 008 | 070124e19270000UK |||||||||||||||||eng|d | ||
| 999 | |c 323520 |d 323518 | ||
| 040 | |c Pontificia Universidad Católica de Valparaíso | ||
| 041 | 0 | 7 | |a eng |2 CL-VaPUC |
| 041 | 0 | 7 | |a syr |2 CL-VaPUC |
| 041 | 0 | 7 | |a amh |2 CL-VaPUC |
| 082 | 0 | 4 | |a 220 BUD 1927 |2 21 |
| 100 | 0 | |a Budge, Alfred Ernest Wallis |9 515836 | |
| 245 | 1 | 4 | |a The Book of the Cave of Treasures: a history of the patriarchs and the kings, their successors from the Creation to the crucifixion of Christ. |
| 246 | |b Translated from the syriac text of the British Museum Ms. Add. 25875. With 16 plates and 8 illustrations in the text | ||
| 260 | 0 | 3 | |a London, England, United Kingdom |b The Religious Tract Society |c 1927 |
| 300 | |a 319 páginas | ||
| 500 | |a Ilustraciones conforme a lo señalado en índice | ||
| 583 | |a last modification |c 20130712 06:51:11 |k Rodrigo Vera | ||
| 650 | 0 | |a Sagradas escrituras |9 349657 | |
| 650 | 0 | |a Biblia |9 257603 | |
| 650 | 0 | |a Arqueología bíblica |9 317810 | |
| 650 | 0 | |a Ilustraciones |9 369481 | |
| 942 | |c BK |2 ddc | ||
| 945 | |d 20070124 00:00:00 |a rinostro | ||
| 952 | |0 0 |1 0 |2 ddc |4 0 |6 220_000000000000000_BUD_1927 |7 0 |8 X |9 403193 |a FDOBUD |b FDOBUD |d 2019-11-22 |i 1063707 |o 220 BUD 1927 |p 1063707 |r 2019-11-22 |t 1 |w 2019-11-22 |y BK_X |k BUD | ||